| 000 | 04905cam a22005535i 4500 | ||
|---|---|---|---|
| 001 | 21816576 | ||
| 005 | 20251223143138.0 | ||
| 006 | m |o d | | ||
| 007 | cr ||||||||||| | ||
| 008 | 181119s2018 si |||| o |||| 0|eng | ||
| 010 | _a 2019762320 | ||
| 020 | _a9789811312922 | ||
| 024 | 7 |
_a10.1007/978-981-13-1292-2 _2doi |
|
| 035 | _a21816576 | ||
| 035 | _a(DE-He213)978-981-13-1292-2 | ||
| 040 |
_aDLC _beng _epn _erda _cDLC |
||
| 072 | 7 |
_aPST _2thema |
|
| 072 | 7 |
_aPSTD _2bicssc |
|
| 072 | 7 |
_aSCI011000 _2bisacsh |
|
| 082 | 0 | 4 |
_a571.2 _223 |
| 245 | 0 | 0 |
_aMechanisms of Arsenic Toxicity and Tolerance in Plants / _cedited by Mirza Hasanuzzaman, Kamrun Nahar, Masayuki Fujita. |
| 250 | _a1st ed. 2018. | ||
| 264 | 1 |
_aSingapore : _bSpringer Singapore : _bImprint: Springer, _c2018. |
|
| 300 | _a1 online resource (XV, 508 pages 46 illustrations, 33 illustrations in color.) | ||
| 336 |
_atext _btxt _2rdacontent |
||
| 337 |
_acomputer _bc _2rdamedia |
||
| 338 |
_aonline resource _bcr _2rdacarrier |
||
| 347 |
_atext file _bPDF _2rda |
||
| 505 | 0 | _a1 Arsenic Uptake and Transportation in Plants -- 2. Plant Responses to Arsenic Toxicity: Morphology and physiology -- 3. Consequences of Paddy Cultivation in Arsenic Contaminated Paddy Fields of Lower Indo-Gangetic Plane on Arsenic Accumulation Pattern and Selected Grain Quality Traits: A Preliminary Assessment -- 4.Arsenic-induced Oxidative Stress in Plants -- 5. Plants Response and Tolerance to Arsenic-induced oxidative Stress -- 6. Arsenic Toxicity in Crop Plants: Responses and Remediation Strategies -- 7. Plant's Adaptive Mechanisms Under Arsenic Pollution -- 8. Mitigating Arsenic Toxicity in Plants: Role of Microbiota -- 9. Role of Plant-Microorganism Interactions in Plant Tolerance to Arsenic -- 10. Interaction of Plants and Arbuscular Mycorrhizal Fungi in Responses to Arsenic Stress: A Collaborative Tale Useful to Manage Contaminated Soil -- 11. Potentials of Aquatic Plants and Algae for Arsenic Accumulation -- 12. Algae as a Budding Tool for Mitigation of Arsenic from Aquatic Systems -- 13. A Glimpse on Uptake Kinetics and Molecular Responses of Arsenic Tolerance in Rice Plants -- 14. Transcriptomics of Arsenic Tolerance in Plants -- 15. Agronomics Management for Arsenic Stress Mitigation. 16.Environmental Chemistry, Fate and Speciation of Arsenic in Groundwater-Soil-Crop Systems -- 17. Treatment of Arsenic Contaminated Water: Mechanism of Treatment Methods -- 18. Status of Arsenic Toxicity in the World -- 19. Arsenic toxicity: A South Asian perspective. | |
| 520 | _aArsenic is likely the most talked-about metalloid in the modern world because of its toxic effects on both animal and plants. Further, arsenic pollution is now producing negative impacts on food security, especially in many south Asian countries. Since plants are a major food source, their adaptation to As-rich environments is essential, as is being informed about recent findings on multifarious aspects of the mechanisms of arsenic toxicity and tolerance in plants. Although numerous research works and review articles have been published in journals, annual reviews and as book chapters, to date there has been no comprehensive book on this topic. This book contains 19 informative chapters on arsenic chemistry, plant uptake, toxicity and tolerance mechanisms, as well as approaches to mitigation. Readers will be introduced to the latest findings on plant responses to arsenic toxicity, various tolerance mechanisms, and remediation techniques. As such, the book offers a timely and valuable resource for a broad audience, including plant scientists, soil scientists, environmental scientists, agronomists, botanists and molecular biologists. | ||
| 588 | _aDescription based on publisher-supplied MARC data. | ||
| 650 | 0 |
_aAgriculture. _925855 |
|
| 650 | 0 |
_aPlant biochemistry. _9132548 |
|
| 650 | 0 |
_aPlant physiology. _9132549 |
|
| 650 | 0 | _aSoil conservation. | |
| 650 | 0 |
_aSoil science. _96977 |
|
| 650 | 1 | 4 |
_aPlant Physiology. _0https://scigraph.springernature.com/ontologies/product-market-codes/L33020 _9132550 |
| 650 | 2 | 4 |
_aAgriculture. _0https://scigraph.springernature.com/ontologies/product-market-codes/L11006 _925855 |
| 650 | 2 | 4 |
_aPlant Biochemistry. _0https://scigraph.springernature.com/ontologies/product-market-codes/L14021 _9132548 |
| 650 | 2 | 4 |
_aSoil Science & Conservation. _0https://scigraph.springernature.com/ontologies/product-market-codes/U28000 _9132551 |
| 700 | 1 |
_aFujita, Masayuki, _eeditor. _9132552 |
|
| 700 | 1 |
_aHasanuzzaman, Mirza, _eeditor. _9132535 |
|
| 700 | 1 |
_aNahar, Kamrun, _eeditor. _9132553 |
|
| 776 | 0 | 8 |
_iPrint version: _tMechanisms of arsenic toxicity and tolerance in plants _z9789811312915 _w(DLC) 2018958709 |
| 776 | 0 | 8 |
_iPrinted edition: _z9789811312915 |
| 776 | 0 | 8 |
_iPrinted edition: _z9789811312939 |
| 906 |
_a0 _bibc _corigres _du _encip _f20 _gy-gencatlg |
||
| 942 |
_2ddc _cBK |
||
| 999 |
_c615682 _d615682 |
||